| 000 | 00446nam a2200145Ia 4500 | ||
|---|---|---|---|
| 008 | 230917s9999||||xx |||||||||||||| ||und|| | ||
| 040 |
_e62365 _aMAIN |
||
| 041 | _aEnglish | ||
| 082 | _a330.9 I2I(1990) | ||
| 100 | _aCentre for Development of Instructional Technology | ||
| 245 | 0 | _aIndian social and economic development 1990: An index to the literature | |
| 260 |
_aNew Delhi _bSage Publications _c1990 |
||
| 300 | _aviii, 212 p. | ||
| 942 | _cBK | ||
| 999 |
_c68848 _d68848 |
||